000 00255nam a22001097a 4500
008 170117b xxu||||| |||| 00| 0 eng d
020 _a9780970368492
041 _aeng
080 _a618.2
245 _aUNDERSTANDING HELTHCARE
_cWURMAN, R.S
942 _2udc
_cBK
999 _c2988
_d2988